[Event "World Youth U16 Olympiad"]
[Site "Gyor HUN"]
[Date "2014.12.16"]
[Round "5.19"]
[Board "1"]
[White "Taalaibekov, Tagir"]
[Black "Lee, Jun Hyeok"]
[Result "0-1"]
[BlackTitle "FM"]
[WhiteElo "2047"]
[BlackElo "2022"]
[WhiteTeam "Kyrgyzstan"]
[BlackTeam "South Korea 1"]
[WhiteFideId "13801163"]
[BlackFideId "13202340"]
[EventDate "2014.12.13"]
[EventType "team"]

1. d4 Nf6 2. g3 g6 3. Bg2 d5 4. Nf3 Bg7 5. O-O O-O 6. b3 c6 7. Bb2 a5 8. a3 Ne4
9. Nbd2 Bf5 10. Nh4 Nxd2 11. Qxd2 Be6 12. e4 dxe4 13. Bxe4 a4 14. c4 axb3 15. d5
Bxb2 16. Qxb2 cxd5 17. cxd5 Bxd5 18. Rfd1 Ra5 19. Ng2 Nc6 20. Ne3 e6 21. Bxd5
exd5 22. Qxb3 d4 23. Qxb7 Rc5 24. Ra2 Qg5 25. Nf1 Rb8 26. Qc7 Qd5 27. Rad2 Rb3
28. Ne3 Qe4 29. Rxd4 Nxd4 30. Qd8+ Kg7 31. Rxd4 Rc1+ 32. Nd1 Qf3 33. Qd6 Rbb1
34. Qe5+ Qf6 35. Qd5 Qe6 36. Rd2 Qxd5 0-1

[Event "World Youth U16 Olympiad"]
[Site "Gyor HUN"]
[Date "2014.12.16"]
[Round "5.19"]
[Board "2"]
[White "Kwon, Sehyun"]
[Black "Isaev, Chingys"]
[Result "1-0"]
[WhiteElo "1947"]
[BlackElo "1949"]
[WhiteTeam "South Korea 1"]
[BlackTeam "Kyrgyzstan"]
[WhiteFideId "13203088"]
[BlackFideId "13801660"]
[EventDate "2014.12.13"]
[EventType "team"]

1. e4 e5 2. Nf3 Nc6 3. Bb5 g6 4. O-O Bg7 5. c3 a6 6. Bxc6 dxc6 7. d3 h6 8. h3
Ne7 9. Be3 O-O 10. d4 exd4 11. Bxd4 Qe8 12. Na3 b6 13. Bxg7 Kxg7 14. Qd4+ Kh7
15. Qe5 Ra7 16. Rfe1 c5 17. Nc4 Nc6 18. Qf4 Nd8 19. Ne3 Ne6 20. Qh4 Qd8 21. Qg3
Bb7 22. Rad1 Qf6 23. Nd5 Bxd5 24. exd5 Nf4 25. Re4 g5 26. h4 Qf5 27. Rde1 Nh5
28. Qe5 Qxe5 29. Rxe5 Nf4 30. Rd1 g4 31. Nh2 Ng6 32. Rf5 Nxh4 33. Rh5 Ng6 34.
Nxg4 Kg7 35. Nxh6 Nf4 36. Rh4 Ng6 37. Rh5 Nf4 38. Rf5 Ne2+ 39. Kf1 Nxc3 40. bxc3
Kxh6 41. Re5 Rd8 42. Re7 Kg6 43. d6 Kg7 44. Rxc7 Rxd6 45. Rxf7+ Kxf7 46. Rxd6 b5
47. Rb6 c4 48. g4 Kg7 49. f4 Rd7 50. Ke2 Rd3 51. Rxa6 Rxc3 52. Rb6 Rc2+ 53. Ke3
Rxa2 54. Rxb5 c3 55. Rc5 c2 56. Rc6 Ra3+ 57. Kf2 Ra2 58. Kg3 Kf7 59. Kh4 Ke7 60.
f5 Kd7 61. Rc3 Ke7 62. Kg5 Kf8 63. Kg6 Ra4 64. g5 Ke7 65. f6+ Ke6 66. Rxc2 1-0

[Event "World Youth U16 Olympiad"]
[Site "Gyor HUN"]
[Date "2014.12.16"]
[Round "5.19"]
[Board "3"]
[White "Isakzhanov, Aibek"]
[Black "Nam, Ju Won"]
[Result "1-0"]
[WhiteElo "1785"]
[BlackElo "1435"]
[WhiteTeam "Kyrgyzstan"]
[BlackTeam "South Korea 1"]
[WhiteFideId "13802542"]
[BlackFideId "13203240"]
[EventDate "2014.12.13"]
[EventType "team"]

1. e4 e5 2. Nf3 Nc6 3. Bb5 a6 4. Ba4 Nf6 5. O-O Be7 6. Re1 b5 7. Bb3 d6 8. c3
O-O 9. h3 Na5 10. Bc2 c5 11. d4 Nd7 12. Nbd2 exd4 13. cxd4 Nc6 14. d5 Nce5 15.
Nxe5 Nxe5 16. f4 Ng6 17. Nf3 Bh4 18. Nxh4 Nxh4 19. f5 Qf6 20. g3 Nxf5 21. exf5
Bxf5 22. Bxf5 Qxf5 23. g4 Qd7 24. Bf4 c4 25. Qd4 Qc7 26. Re3 Rfe8 27. Rae1 Rxe3
28. Qxe3 Qd8 29. Qe7 Qxe7 30. Rxe7 h6 31. Kf2 1-0

[Event "World Youth U16 Olympiad"]
[Site "Gyor HUN"]
[Date "2014.12.16"]
[Round "5.19"]
[Board "4"]
[White "Choi, Hyunhyo"]
[Black "Musaeva, Shakhnazi"]
[Result "0-1"]
[WhiteElo "1399"]
[BlackElo "1559"]
[WhiteTeam "South Korea 1"]
[BlackTeam "Kyrgyzstan"]
[WhiteFideId "13203185"]
[BlackFideId "13801643"]
[EventDate "2014.12.13"]
[EventType "team"]

1. e4 c5 2. Nf3 e6 3. d4 cxd4 4. c3 dxc3 5. Nxc3 d6 6. Bc4 Nf6 7. O-O Be7 8. Qe2
a6 9. Rd1 Qc7 10. Be3 b5 11. Bb3 Nc6 12. Rac1 Bd7 13. Nd5 Qb7 14. Nxe7 Nxe7 15.
e5 dxe5 16. Nxe5 O-O 17. Bg5 Ned5 18. Nxd7 Nxd7 19. Qf3 N7b6 20. Be3 Rab8 21.
Bxb6 Nxb6 22. Qxb7 Rxb7 23. Rc6 a5 24. Rdd6 Nc8 25. Rd4 Ne7 26. Ra6 a4 27. Bc2
g6 28. g3 Rc7 29. Bd3 Nc6 30. Rh4 Rb8 31. Be4 Nb4 32. Ra5 Nxa2 33. Kg2 Nc1 34.
Bf3 Rc2 35. Rb4 Nd3 0-1

[Event "World Youth U16 Olympiad"]
[Site "Gyor HUN"]
[Date "2014.12.16"]
[Round "5.20"]
[Board "1"]
[White "Kuruppu, Supun Dasantha"]
[Black "Buzas, Bertalan"]
[Result "0-1"]
[WhiteTitle "CM"]
[WhiteElo "1896"]
[BlackElo "2109"]
[WhiteTeam "Sri Lanka"]
[BlackTeam "Transdanubium West"]
[WhiteFideId "9902805"]
[BlackFideId "751820"]
[EventDate "2014.12.13"]
[EventType "team"]

1. d4 d5 2. Nf3 Nf6 3. c4 e6 4. e3 Nbd7 5. b3 Bb4+ 6. Bd2 Bxd2+ 7. Nbxd2 b6 8.
Bd3 Bb7 9. O-O O-O 10. Qc2 c5 11. Ne5 h6 12. f4 Nxe5 13. dxe5 Ng4 14. Rfe1 d4
15. e4 Ne3 16. Qc1 f6 17. exf6 Qxf6 18. Nf1 Qxf4 19. Nxe3 Qf2+ 20. Kh1 dxe3 21.
Qxe3 Qxe3 22. Rxe3 e5 23. Rf1 Rxf1+ 24. Bxf1 Rd8 25. Be2 Rd4 26. Bf3 Kf7 27. Kg1
Ke7 28. Kf2 a6 29. a4 Kd6 30. Ke2 Kc7 31. g3 b5 32. axb5 axb5 33. cxb5 Kb6 34.
Kf2 Kxb5 35. Be2+ Kb4 36. Kf3 Bc8 37. g4 g5 38. Bc4 Bd7 39. h3 Bc6 40. Be6 Bb5
41. Bd5 Bd3 42. Kg3 Bc2 43. Bc4 Rxe4 44. Rxe4 Bxe4 45. h4 Bc2 46. hxg5 hxg5 47.
Kf3 Bxb3 48. Bxb3 Kxb3 0-1

[Event "World Youth U16 Olympiad"]
[Site "Gyor HUN"]
[Date "2014.12.16"]
[Round "5.20"]
[Board "2"]
[White "Acs, Marton"]
[Black "Herath, N N B"]
[Result "1-0"]
[WhiteElo "1969"]
[BlackElo "1743"]
[WhiteTeam "Transdanubium West"]
[BlackTeam "Sri Lanka"]
[WhiteFideId "765139"]
[BlackFideId "9914030"]
[EventDate "2014.12.13"]
[EventType "team"]

1. d4 Nf6 2. Nf3 e6 3. g3 c5 4. Bg2 cxd4 5. Nxd4 Nc6 6. c4 Bc5 7. Nb3 Qe7 8. O-O
O-O 9. Nxc5 Qxc5 10. b3 Qe5 11. Qd2 Ne4 12. Qb2 Qf5 13. Nc3 Nxc3 14. Qxc3 d5 15.
cxd5 exd5 16. e3 Be6 17. Bb2 f6 18. Rfd1 Rfd8 19. Qd3 Qxd3 20. Rxd3 Rd7 21. Bd4
Kf7 22. Rd2 Nxd4 23. Rxd4 Ke7 24. Rad1 Rad8 25. Kf1 Rd6 26. Ke1 Ra6 27. R1d2 Rd7
28. Kd1 Rad6 29. Kc1 h6 30. Kb2 Rd8 31. b4 a6 32. a4 b6 33. Rc2 R8d7 34. Bf1 Ra7
35. Rcd2 Rd8 36. e4 Rad7 37. exd5 Rxd5 38. Rxd5 Rxd5 39. Rxd5 Bxd5 40. Bxa6 Kd6
41. Kc3 Be6 42. Kd4 Kc6 43. Bb5+ Kc7 44. a5 Bf7 45. Bc4 Be8 46. Bd5 Bb5 47. Ke4
Bd7 48. a6 Kb8 49. Bc4 Kc7 50. b5 Bg4 51. Bd5 Kb8 52. Bc6 Be6 53. f3 Ka7 54. Bd5
Bc8 55. Bc4 Kb8 56. f4 Bh3 57. Bd3 Be6 58. Kd4 Bf7 59. f5 Kc7 60. Be4 Kb8 61.
Bc6 Ba2 62. Bd7 Kc7 63. Bc6 Kb8 64. Ke4 Bc4 65. Kf4 Be2 66. g4 Bd3 67. Kg3 Bc4
68. Kh4 Bf7 69. Kg3 Bc4 70. Be8 Be2 71. Kh4 Bf3 72. Kh5 Be2 73. Bc6 Ka7 74. Bd7
Kb8 75. Kg6 1-0

[Event "World Youth U16 Olympiad"]
[Site "Gyor HUN"]
[Date "2014.12.16"]
[Round "5.20"]
[Board "3"]
[White "Doluweera, Minul Sanjula"]
[Black "Arvai, Eszter"]
[Result "1/2-1/2"]
[WhiteTitle "CM"]
[WhiteElo "2031"]
[BlackElo "1978"]
[WhiteTeam "Sri Lanka"]
[BlackTeam "Transdanubium West"]
[WhiteFideId "9910760"]
[BlackFideId "732583"]
[EventDate "2014.12.13"]
[EventType "team"]

1. d4 d5 2. c4 e6 3. Nc3 Nf6 4. Bg5 Bb4 5. e3 Nbd7 6. Bd3 Bxc3+ 7. bxc3 c5 8.
cxd5 exd5 9. Nf3 Qa5 10. O-O O-O 11. dxc5 Ne4 12. Bf4 Ndxc5 13. c4 dxc4 14. Bxc4
Bg4 15. Qc2 Bxf3 16. gxf3 Nd2 17. Rfd1 Nxc4 18. Qxc4 Ne6 19. Rd5 Qb6 20. Be5
Rac8 21. Qg4 Rfd8 22. e4 Qb4 23. Rad1 Qf8 24. f4 Rxd5 25. Rxd5 Rd8 26. f5 Rxd5
27. exd5 Nc5 28. f6 g6 29. h4 h5 30. Qg5 Nd7 31. d6 Qe8 32. f4 Qc8 33. Qg2 Nxe5
34. fxe5 Qc5+ 35. Kh2 Qxe5+ 36. Qg3 Qe2+ 37. Kh3 Qe6+ 38. Kh2 Qe2+ 39. Kh3 Qe6+ 1/2-1/2

[Event "World Youth U16 Olympiad"]
[Site "Gyor HUN"]
[Date "2014.12.16"]
[Round "5.20"]
[Board "4"]
[White "Szabo, Benjamin"]
[Black "Mendis, Dasuni Hansika"]
[Result "1/2-1/2"]
[WhiteElo "1947"]
[BlackElo "1688"]
[WhiteTeam "Transdanubium West"]
[BlackTeam "Sri Lanka"]
[WhiteFideId "761095"]
[BlackFideId "9907696"]
[EventDate "2014.12.13"]
[EventType "team"]

1. d4 Nf6 2. Nf3 e6 3. g3 c5 4. Bg2 d5 5. O-O Nc6 6. c3 Qb6 7. Qb3 Qxb3 8. axb3
cxd4 9. cxd4 Bd6 10. Nc3 O-O 11. Rd1 Bd7 12. Ne1 h6 13. Nc2 a6 14. Bd2 Rac8 15.
Be1 Na7 16. e4 dxe4 17. Nxe4 Nxe4 18. Bxe4 Bc6 19. Bxc6 Rxc6 20. Ne3 Rcc8 21.
Nc4 Nb5 22. d5 e5 23. Ba5 Rfe8 24. Bb6 f6 25. Ra5 Bb4 26. Ra4 Bd6 27. Na5 Re7
28. Rc4 Rce8 29. b4 Rd7 30. Nb3 Rf7 31. Nc5 Rc8 32. b3 Kh7 33. Ne4 Re8 34. Nc5
Bc7 35. Na4 Bxb6 36. Nxb6 Nd4 37. Kg2 Rd8 38. Rcxd4 exd4 39. Rxd4 Re7 40. Kf3
Re5 41. Re4 Rd6 42. Nc4 Rf5+ 43. Kg4 Rdxd5 44. f4 h5+ 45. Kh4 Rd7 46. Ne3 Rb5
47. f5 g6 48. fxg6+ Kxg6 49. Ng2 Kh6 50. Nf4 Rg7 51. Kh3 Re5 52. Rd4 Re3 53. Rd6
Rf7 54. Nd3 Ree7 55. Nf4 Re5 56. Kh4 Re4 57. Rb6 Rd4 58. Kh3 Re4 59. Ne6 Kg6 60.
Nf4+ Kh6 61. Ne6 Kg6 62. Nc5 Re3 63. Nxb7 Rxb3 64. Nc5 Ra3 65. Ne6 Kh6 66. Nf4
Ra4 67. Kh4 a5 68. bxa5 Rxa5 69. Rb8 Rh7 70. Rg8 Rg5 71. Rf8 Rf5 72. h3 Rb7 73.
Rh8+ Rh7 74. Rxh7+ Kxh7 75. Nxh5 Kh6 76. Nf4 Kh7 77. Kg4 Rg5+ 78. Kf3 Ra5 79. h4
Kh6 80. g4 Ra3+ 81. Ke4 Ra5 82. Nd5 Kg7 83. Ne3 Kg6 1/2-1/2

[Event "World Youth U16 Olympiad"]
[Site "Gyor HUN"]
[Date "2014.12.16"]
[Round "5.21"]
[Board "1"]
[White "Rebaz, Nasir Jamal"]
[Black "Valkama, Eero"]
[Result "0-1"]
[WhiteElo "1719"]
[BlackElo "2108"]
[WhiteTeam "Iraq"]
[BlackTeam "Finland"]
[WhiteFideId "4808649"]
[BlackFideId "507555"]
[EventDate "2014.12.13"]
[EventType "team"]

1. e4 e5 2. Nf3 Nc6 3. Bb5 a6 4. Ba4 Nf6 5. d3 b5 6. Bb3 Be7 7. O-O d6 8. h3 Na5
9. Be3 O-O 10. c3 Nxb3 11. axb3 Bb7 12. Nbd2 Re8 13. Qc2 h6 14. Rfe1 Bf8 15. b4
c5 16. bxc5 dxc5 17. c4 Qd6 18. Nb3 Rac8 19. Rac1 Nd7 20. Nh4 g6 21. Red1 Qe6
22. g4 Be7 23. Ng2 f5 24. f3 h5 25. gxf5 gxf5 26. Kh2 Kh7 27. Bf2 f4 28. Nh4
Bxh4 29. Bxh4 Rc7 30. Bf2 Bc8 31. Qe2 bxc4 32. dxc4 Rb7 33. Rc3 Nb6 34. Qf1 Na4
35. Rcd3 Rg8 36. Rd6 Qe7 37. Na5 Rxb2 38. R1d2 Rxd2 39. Rxd2 Be6 40. Ra2 Nb6 41.
Rb2 Nd7 42. Rb7 Qd8 43. Qe1 Qg5 44. Qf1 Qd8 45. Qe1 Rg7 46. Bh4 Qc8 47. Qf1 Qf8
48. Ra7 Qd6 49. Qe1 Qd3 50. Rxa6 Qxf3 51. Qf2 Qxh3# 0-1

[Event "World Youth U16 Olympiad"]
[Site "Gyor HUN"]
[Date "2014.12.16"]
[Round "5.21"]
[Board "2"]
[White "Keinanen, Toivo"]
[Black "Rabeea, Sabah Nori"]
[Result "1-0"]
[BlackTitle "FM"]
[WhiteElo "2045"]
[BlackElo "1944"]
[WhiteTeam "Finland"]
[BlackTeam "Iraq"]
[WhiteFideId "509825"]
[BlackFideId "4806212"]
[EventDate "2014.12.13"]
[EventType "team"]

1. e4 e5 2. Nf3 Nc6 3. c3 Bc5 4. d4 exd4 5. cxd4 Bb4+ 6. Nc3 d6 7. d5 Ne5 8.
Qa4+ Nc6 9. dxc6 Bxc3+ 10. bxc3 bxc6 11. Qd4 Qf6 12. Qxf6 Nxf6 13. Bd3 O-O 14.
Bg5 Ng4 15. h3 Ne5 16. Nxe5 dxe5 17. Bc4 Rb8 18. O-O h6 19. Be3 a5 20. Rab1 Bd7
21. Rfd1 1-0

[Event "World Youth U16 Olympiad"]
[Site "Gyor HUN"]
[Date "2014.12.16"]
[Round "5.21"]
[Board "3"]
[White "Noori, Sabah Nori"]
[Black "Syvalahti, Timo"]
[Result "0-1"]
[WhiteElo "1891"]
[BlackElo "1923"]
[WhiteTeam "Iraq"]
[BlackTeam "Finland"]
[WhiteFideId "4806620"]
[BlackFideId "509515"]
[EventDate "2014.12.13"]
[EventType "team"]

1. d4 Nf6 2. c4 g6 3. Nc3 Bg7 4. e4 d6 5. Bd3 Nc6 6. Nge2 O-O 7. O-O e5 8. d5
Nd4 9. Nxd4 exd4 10. Ne2 Re8 11. f3 c5 12. a3 Qc7 13. Bf4 Nd7 14. b4 b6 15. Qd2
Ne5 16. Rac1 Bd7 17. b5 a6 18. a4 axb5 19. axb5 Ra3 20. Bxe5 dxe5 21. Ra1 Rea8
22. Rxa3 Rxa3 23. Rb1 Qa7 24. Qc2 Qa5 25. Kf2 Bh6 26. Rb3 Be3+ 27. Kf1 Ra4 28.
Rb2 h5 29. Rb1 Kg7 30. Rb2 Bg5 31. Qd1 Ra1 32. Rb1 Ra2 33. Qb3 Qd2 34. Qd1 Qe3
35. Qc1 Qxd3 0-1

[Event "World Youth U16 Olympiad"]
[Site "Gyor HUN"]
[Date "2014.12.16"]
[Round "5.21"]
[Board "4"]
[White "Lindholm, Jere"]
[Black "Nabaa Sami, Abbas"]
[Result "1-0"]
[WhiteElo "1745"]
[BlackElo "1549"]
[WhiteTeam "Finland"]
[BlackTeam "Iraq"]
[WhiteFideId "508012"]
[BlackFideId "4806255"]
[EventDate "2014.12.13"]
[EventType "team"]

1. e4 e6 2. d4 d5 3. Nc3 Nf6 4. Bg5 Bb4 5. e5 h6 6. exf6 hxg5 7. fxg7 Rg8 8. Nf3
Nc6 9. a3 Be7 10. Bd3 b6 11. Bb5 Bb7 12. Ne5 Qd6 13. Qe2 Rxg7 14. O-O-O O-O-O
15. Ba4 Bf6 16. Nb5 1-0

[Event "World Youth U16 Olympiad"]
[Site "Gyor HUN"]
[Date "2014.12.16"]
[Round "5.22"]
[Board "1"]
[White "Essop, Hishaam"]
[Black "Gorodetzky, David"]
[Result "0-1"]
[WhiteElo "1749"]
[BlackElo "2164"]
[WhiteTeam "South Africa 1"]
[BlackTeam "Rehovot Chess School"]
[WhiteFideId "14306549"]
[BlackFideId "2813416"]
[EventDate "2014.12.13"]
[EventType "team"]

1. e4 e6 2. d3 d5 3. Nd2 Nf6 4. Ngf3 Be7 5. g3 b5 6. e5 Nfd7 7. Bg2 c5 8. O-O
Nc6 9. Re1 O-O 10. Nf1 a5 11. h4 b4 12. N1h2 Re8 13. c4 Nb6 14. Qc2 Ba6 15. b3
a4 16. Bf4 f5 17. Qe2 Qd7 18. h5 Rf8 19. Rad1 Rad8 20. Nf1 h6 21. Be3 Qe8 22.
N3h2 Nd4 23. Bxd4 cxd4 24. Bf3 Bg5 25. g4 Bf4 26. Ng3 Bxg3 27. fxg3 f4 28. Qg2
Qe7 29. Rf1 Qg5 30. gxf4 Qxf4 31. Rde1 Qg5 32. Qc2 Qe7 33. Bg2 Qc5 34. Qd2 Rxf1+
35. Nxf1 dxc4 36. dxc4 d3+ 37. Kh1 Qe7 38. Kg1 Rd4 39. Nh2 Nd7 40. Kh1 Nc5 41.
Qd1 Bb7 42. Rg1 Qc7 43. Bxb7 Qxb7+ 44. Qf3 Qxf3+ 45. Nxf3 Rf4 46. Nd2 axb3 47.
axb3 Rf2 48. Rg2 Re2 49. Kg1 Rxe5 50. Kf1 Kf7 51. Rf2+ Ke7 52. Rf3 Rg5 53. Rg3
Kd6 54. Kf2 Re5 55. Re3 Rxe3 56. Kxe3 e5 57. Kf3 e4+ 58. Kf2 Ke6 59. Ke3 Ke5 60.
Nxe4 Nxe4 61. Kxd3 Nf2+ 0-1

[Event "World Youth U16 Olympiad"]
[Site "Gyor HUN"]
[Date "2014.12.16"]
[Round "5.22"]
[Board "2"]
[White "Zlatin, Alexander"]
[Black "Berman, Jacob"]
[Result "1-0"]
[WhiteElo "2032"]
[BlackElo "1833"]
[WhiteTeam "Rehovot Chess School"]
[BlackTeam "South Africa 1"]
[WhiteFideId "2810549"]
[BlackFideId "2071010"]
[EventDate "2014.12.13"]
[EventType "team"]

1. e4 e6 2. d4 d5 3. Nd2 Nf6 4. e5 Nfd7 5. Bd3 c5 6. c3 Nc6 7. Ne2 Qb6 8. Nf3
cxd4 9. cxd4 f6 10. exf6 Nxf6 11. O-O Bd6 12. b3 Bd7 13. Bb2 O-O 14. Ne5 Bxe5
15. dxe5 Ng4 16. Nd4 Ncxe5 17. Bc2 Qd8 18. h3 Qh4 19. Qe1 Qf6 20. f4 Nc6 21. Qd2
Qh4 22. hxg4 Qxg4 23. Nxc6 Bxc6 24. Bd4 Rf7 25. Qd3 Qh4 26. Rf3 g5 27. Rh3 Qxf4
28. Rxh7 e5 29. Qg6+ Kf8 30. Bc5+ Ke8 31. Qe6+ 1-0

[Event "World Youth U16 Olympiad"]
[Site "Gyor HUN"]
[Date "2014.12.16"]
[Round "5.22"]
[Board "3"]
[White "Modi, Sachin"]
[Black "Parkhov, Yair"]
[Result "1-0"]
[WhiteTitle "CM"]
[WhiteElo "1718"]
[BlackElo "1960"]
[WhiteTeam "South Africa 1"]
[BlackTeam "Rehovot Chess School"]
[WhiteFideId "14304589"]
[BlackFideId "2813408"]
[EventDate "2014.12.13"]
[EventType "team"]

1. e4 e6 2. d3 d5 3. Nd2 Nf6 4. Ngf3 b6 5. g3 dxe4 6. dxe4 Bc5 7. h3 Nc6 8. c3
a5 9. Qc2 O-O 10. Nb3 Be7 11. Bf4 Bb7 12. Bg2 a4 13. Nbd4 a3 14. b3 Nxd4 15.
Nxd4 Ra5 16. Ne2 e5 17. Be3 Qa8 18. f3 Nh5 19. O-O Bc5 20. Bxc5 Rxc5 21. Kh2 b5
22. Rad1 Nf6 23. Rd3 Rc6 24. Rfd1 Re6 25. Qd2 Ree8 26. g4 Bc6 27. Ng3 Nd7 28.
Nf5 Qd8 29. Ne3 Qg5 30. Nd5 Qxd2 31. R3xd2 Bxd5 32. Rxd5 Nb6 33. Rxb5 f6 34. Rc5
Rc8 35. Kg3 Kf7 36. Bf1 Kg6 37. Bc4 Rfe8 38. Bb5 Re7 39. Bc6 Re6 40. Bb7 Rce8
41. Rxc7 R6e7 42. Rxe7 Rxe7 43. Bd5 Nd7 44. Bc6 Nc5 45. Rd5 Ne6 46. Ra5 Nf4 47.
c4 Ne2+ 48. Kf2 Nd4 49. Bd5 Kg5 50. b4 Rc7 51. Rxa3 Kf4 52. b5 Nxb5 53. cxb5
Rc2+ 54. Ke1 1-0

[Event "World Youth U16 Olympiad"]
[Site "Gyor HUN"]
[Date "2014.12.16"]
[Round "5.22"]
[Board "4"]
[White "Gorodetzky, Matan"]
[Black "Breedt, Shade"]
[Result "1-0"]
[BlackTitle "WCM"]
[WhiteElo "1751"]
[BlackElo "1623"]
[WhiteTeam "Rehovot Chess School"]
[BlackTeam "South Africa 1"]
[WhiteFideId "2813394"]
[BlackFideId "14304511"]
[EventDate "2014.12.13"]
[EventType "team"]

1. e4 c5 2. c3 g6 3. d4 cxd4 4. cxd4 d5 5. e5 Bg7 6. h3 f6 7. f4 Nc6 8. Nc3 fxe5
9. fxe5 a6 10. Nf3 e6 11. g4 Nge7 12. Bg2 Bd7 13. O-O O-O 14. Be3 Nc8 15. Qd2
Rb8 16. Ng5 Nb6 17. Rxf8+ Qxf8 18. Rf1 Qe8 19. b3 Nd8 20. a4 Bc6 21. Qf2 Rc8 22.
Bd2 Rc7 23. Ne2 Nc8 24. h4 Nf7 25. Nf3 Nh6 26. Bxh6 Bxh6 27. g5 Bg7 28. Qe3 Ne7
29. Bh3 Bd7 30. Rc1 Rxc1+ 31. Qxc1 Nf5 32. Kf2 b5 33. axb5 Bxb5 34. Nf4 Bd7 35.
h5 Kf7 36. Qc2 Qc8 37. Bxf5 gxf5 38. Qxc8 Bxc8 39. h6 Bf8 40. g6+ Kg8 41. g7 Be7
42. Nh5 Bd7 43. Kg3 Be8 44. Nf6+ Bxf6 45. exf6 a5 46. Kf4 a4 47. bxa4 Bxa4 48.
Ke5 Bd7 49. Ng5 Be8 50. Kxe6 f4 51. Kxd5 Bf7+ 52. Ke4 1-0

[Event "World Youth U16 Olympiad"]
[Site "Gyor HUN"]
[Date "2014.12.16"]
[Round "5.23"]
[Board "1"]
[White "Loay, Sameer"]
[Black "Holtman, Teodor"]
[Result "0-1"]
[WhiteElo "1802"]
[BlackElo "2058"]
[WhiteTeam "Jordan"]
[BlackTeam "Slovakia East"]
[WhiteFideId "8104239"]
[BlackFideId "14933721"]
[EventDate "2014.12.13"]
[EventType "team"]

1. e4 c5 2. Nc3 Nc6 3. f4 e6 4. Bc4 a6 5. a4 Nf6 6. d3 d5 7. Bb3 d4 8. Nce2 Be7
9. Nf3 h5 10. O-O Bd7 11. c3 Qb6 12. cxd4 cxd4 13. Bd2 Bb4 14. h3 Ba5 15. Rc1
Nxe4 16. Rxc6 Bxc6 17. Bxa5 Qxa5 18. dxe4 Bxe4 19. Ng5 d3 20. Ng3 Bd5 21. Bxd5
Qxd5 22. Rf3 h4 23. Nf1 Rd8 24. Qd2 O-O 25. Ne3 Qc6 26. Rf1 f6 27. Nf3 Qxa4 28.
Nxh4 Rf7 29. Nd1 Rc7 30. Nc3 Qd4+ 31. Kh1 b5 32. Nf3 Qd6 33. Rc1 Qb4 34. Na2
Qxd2 35. Nxd2 Rc2 36. Rxc2 dxc2 37. Nb3 Rd1+ 38. Kh2 Rb1 39. g4 Rxb2 40. Nbc1 b4
41. Kg2 b3 42. Nc3 Rb1 43. N3e2 b2 0-1

[Event "World Youth U16 Olympiad"]
[Site "Gyor HUN"]
[Date "2014.12.16"]
[Round "5.23"]
[Board "2"]
[White "Kravec, Patrik"]
[Black "Al-Bashayra, Yazan"]
[Result "1/2-1/2"]
[WhiteElo "1976"]
[BlackElo "1780"]
[WhiteTeam "Slovakia East"]
[BlackTeam "Jordan"]
[WhiteFideId "14923505"]
[BlackFideId "8103879"]
[EventDate "2014.12.13"]
[EventType "team"]

1. e4 c5 2. Nf3 Nc6 3. Nc3 g6 4. d4 cxd4 5. Nxd4 Bg7 6. Nxc6 bxc6 7. Bc4 d6 8.
O-O Be6 9. Bb3 Bxb3 10. axb3 e6 11. Qf3 Ne7 12. Bg5 O-O 13. Bf6 Bxf6 14. Qxf6
Nc8 15. Qd4 c5 16. Qd3 Qd7 17. e5 d5 18. Ne4 Qe7 19. Nf6+ Kg7 20. Qh3 h6 21. Ra4
Nb6 22. Rh4 Rh8 23. Re1 d4 24. Rf4 Nd5 25. Nxd5 exd5 26. Qf3 Rhd8 27. c3 dxc3
28. bxc3 Rab8 29. c4 d4 30. Qd3 Rb6 31. h4 1/2-1/2

[Event "World Youth U16 Olympiad"]
[Site "Gyor HUN"]
[Date "2014.12.16"]
[Round "5.23"]
[Board "3"]
[White "Saif, Malek"]
[Black "Sepesi, Samuel"]
[Result "0-1"]
[WhiteElo "1782"]
[BlackElo "1925"]
[WhiteTeam "Jordan"]
[BlackTeam "Slovakia East"]
[WhiteFideId "8104220"]
[BlackFideId "14923084"]
[EventDate "2014.12.13"]
[EventType "team"]

1. e4 c5 2. Nf3 d6 3. d4 cxd4 4. Nxd4 Nf6 5. Nc3 Nc6 6. Be2 g6 7. Be3 Bg7 8. f3
O-O 9. Qd2 d5 10. exd5 Nxd5 11. Nxd5 Qxd5 12. Nxc6 Qxc6 13. c3 Bf5 14. O-O Rfd8
15. Qe1 Rd6 16. Qf2 Rad8 17. Rfd1 a6 18. Rxd6 Qxd6 19. Rd1 Qxd1+ 20. Bxd1 Rxd1+
21. Qf1 Rxf1+ 22. Kxf1 Be5 23. g3 Kf8 24. f4 Bd6 25. Ke2 Ke8 26. b4 Be6 27. a4
Bb3 28. a5 Bc4+ 29. Kd2 Kd7 30. Bd4 Ke6 31. Ke3 Kf5 32. h3 h5 33. Kf3 Bd5+ 34.
Kf2 e5 35. fxe5 Bxe5 36. Bxe5 Kxe5 37. Ke3 g5 38. h4 f6 39. Kd3 Be4+ 40. Ke3 Kd5
41. c4+ Ke5 42. b5 g4 43. b6 f5 44. c5 Bc6 45. Kd3 f4 46. gxf4+ Kxf4 47. Ke2 g3
48. Kf1 Kf3 49. Kg1 g2 50. Kh2 Kf2 51. Kh3 Bd7+ 52. Kh2 g1=Q# 0-1

[Event "World Youth U16 Olympiad"]
[Site "Gyor HUN"]
[Date "2014.12.16"]
[Round "5.23"]
[Board "4"]
[White "Nadzamova, Viktoria"]
[Black "Thaer, Abu Alhaija"]
[Result "0-1"]
[WhiteElo "1511"]
[BlackElo "1487"]
[WhiteTeam "Slovakia East"]
[BlackTeam "Jordan"]
[WhiteFideId "14943999"]
[BlackFideId "8106215"]
[EventDate "2014.12.13"]
[EventType "team"]

1. e4 e5 2. Nf3 Nc6 3. Bc4 g6 4. O-O Bg7 5. c3 Nf6 6. d3 d6 7. Nbd2 O-O 8. Re1
h6 9. Nf1 Nh5 10. Bd2 Na5 11. Bb5 c6 12. Ba4 b5 13. Bc2 Be6 14. Qc1 Kh7 15. Ng3
Nxg3 16. fxg3 f5 17. exf5 gxf5 18. Kh1 Nb7 19. Qd1 Qf6 20. Rf1 f4 21. gxf4 exf4
22. d4+ Kg8 23. Ne1 Qe7 24. Rxf4 Rxf4 25. Bxf4 Rf8 26. Be3 Rf1+ 27. Bg1 Bc4 28.
Bb3 Qe3 29. Nf3 Rxd1 30. Rxd1 Qf4 31. Bc2 Be2 32. Re1 Qxf3 0-1

[Event "World Youth U16 Olympiad"]
[Site "Gyor HUN"]
[Date "2014.12.16"]
[Round "5.24"]
[Board "1"]
[White "Conradie, Andre"]
[Black "Mraz, Ondrej"]
[Result "0-1"]
[WhiteElo "1760"]
[BlackElo "2138"]
[WhiteTeam "South Africa 2"]
[BlackTeam "Slovakia Middle"]
[WhiteFideId "14304570"]
[BlackFideId "14900335"]
[EventDate "2014.12.13"]
[EventType "team"]

1. e4 e5 2. Bc4 Nf6 3. d4 exd4 4. Nf3 Nc6 5. e5 d5 6. Bb5 Ne4 7. Nxd4 Bd7 8.
Bxc6 bxc6 9. O-O Bc5 10. f3 Ng5 11. f4 Ne4 12. Nc3 Nxc3 13. bxc3 Qe7 14. Kh1 O-O
15. Re1 Rfe8 16. Bd2 Bb6 17. Qf3 c5 18. Nb3 Bf5 19. Rac1 a5 20. Be3 a4 21. Nd2
d4 22. cxd4 cxd4 23. Bf2 Qe6 24. a3 Ba5 25. Ne4 Bxe1 26. Rxe1 Bxe4 27. Qxe4 Rad8
28. f5 Qd5 29. Qf4 f6 30. e6 c5 31. Bh4 Rb8 32. Qg4 Kh8 33. Qh5 Re7 34. Bg3 Rb2
35. Qg4 Rxc2 36. Bd6 Qxd6 37. Qe4 Rb2 0-1